| 000 | 00917nam a2200253 i 4500 | ||
|---|---|---|---|
| 001 | bg | ||
| 100 | 1 | _aFEDYCZAK, Zbigniew | |
| 245 | 1 | 0 |
_aImpulsowe układy transformujące napięcia przemienne / _cZbigniew Fedyczak. |
| 260 |
_aZielona Góra : _bOficyna Wydawnicza Uniwersytetu Zielonogórskiego, _c2003. |
||
| 300 |
_a154, [2] s. : _bil. ; _c24 cm. |
||
| 490 | 1 |
_aMonografie / Wydział Elektrotechniki, Informatyki i Telekomunikacji. Uniwersytet Zielonogórski ; _vt.4 |
|
| 500 | _aStreszcz. pol. i ang. | ||
| 504 | _aBibliogr. | ||
| 650 | 9 |
_aUkłady elektryczne _xteoria |
|
| 650 | 9 |
_aSterowniki _xbadanie |
|
| 830 | 0 |
_aMonografie (Wydział Elektrotechniki, Informatyki i Telekomunikacji. Uniwersytet Zielonogórski) ; _vt.4 |
|
| 020 | _a8389321513 | ||
| 040 | _cBPK | ||
| 041 | 0 | _apol | |
| 080 | _a621.314:537.3 | ||
| 920 | _a83-89321-51-3 | ||
| 942 | _cKS | ||
| 008 | s pl f |000 0 pol | ||
| 999 |
_c43950 _d43950 |
||
| 856 |
_uhttp://koha.tu.koszalin.pl/cgi-bin/koha/opac-detail.pl?biblionumber=43950 _yKatalog online BPK |
||